| 000 | 00287nam a2200109Ia 4500 | ||
|---|---|---|---|
| 008 | 220623s9999 xx 000 0 und d | ||
| 020 | _a70918190896 | ||
| 082 | _aEJF Bail | ||
| 100 |
_aCarolyn Sherwin Bailey _9144706 |
||
| 245 | 4 | _aThe little Rabbit who wanted red wings | |
| 942 |
_cBK _w561 _xJohn Tresidder _y561 _zJohn Tresidder |
||
| 999 |
_c678493 _d678492 |
||